Problem solving : a statistician's guide /

Guardado en:
Autor Principal: Chatfield, Christopher.
Formato: Libro
Idioma:English
Publicado: London : Chapman & Hall, 1995.
Edición:2nd ed.
Series:Texts in statistical science.
Materias:
Etiquetas: Agregar Etiqueta
Sin Etiquetas, Sea el primero en etiquetar este registro!
LEADER 00860nam a2200265 a 4500
001 MAT.inmabb003601
008 950712s1995####enka#####b####001#0#eng##
005 20151105160939.0
245 1 0 |a Problem solving :  |b a statistician's guide /  |c Chris Chatfield. 
250 |a 2nd ed. 
260 |a London :  |b Chapman & Hall,  |c 1995. 
300 |a xi, 325 p. :  |b il. ;  |c 24 cm. 
490 1 |a Chapman & Hall texts in statistical science series 
504 |a Incluye referencias bibliográficas (p. [311]-317) e índices. 
510 4 |a MR,  |c 96d:62001 
020 |a 0412606305 
100 1 |a Chatfield, Christopher. 
830 0 |a Texts in statistical science. 
650 0 |a Statistics. 
650 0 |a Mathematical statistics. 
650 0 |a Problem solving. 
084 |a 62-01  |2 msc2000 
010 |a  94074702  
040 |a DLC  |c DLC 
859 |h 62  |i C492p  |p A-7448  |b BIB. MATEMATICA